| 000 | 00850nam a22002177a 4500 | ||
|---|---|---|---|
| 003 | OSt | ||
| 005 | 20260128092849.0 | ||
| 008 | 210821b ||||| |||| 00| 0 eng d | ||
| 040 | _cOSt | ||
| 041 | _ashan | ||
| 082 | _a808.4 | ||
| 245 |
_aၶၢဝ်းတၢင်းႁဝ်းသိပ်းပီ _b1991-2001 |
||
| 260 |
_a[ဢမ်ႇပႃးဝဵင်း] _b[ဢမ်ႇပႃးတီး] _c2000 |
||
| 300 |
_aၼ၊ 150 ၼႃႈ _bပႃးၶႅပ်းႁၢင်ႈ (သီ) _c22 ၸိၼ်ႇထိႇ |
||
| 500 | _a S-SAT: Dr. Prof Sai Aung Tun | ||
| 501 | _aပႃးၽိုၼ်ဢိင် | ||
| 650 |
_aလၵ်ႈႁွမ်တွၼ် (article) _965807 |
||
| 710 |
_aၸဝ်ႈၶူးထမ်ႇမသႃႇမီးၶမ်း ၽူႈၼမ်းထတ်း- _965808 |
||
| 942 | _cBK | ||
| 942 | _2ddc | ||
| 999 |
_c6269 _d6269 |
||